000 02825aam a22004451i 4500
001 991008088389707026
003 UkOxU
005 20250909105146.0
006 m || d |
007 cr |||||||||||
008 161129s2015 enk ob 001 0 eng d
015 _aGBB7L4259
_2bnb
020 _a9781292063539
_q(electronic bk.)
035 _a021044565-44oxf_inst
035 _a(UkOxU)021044565
035 _a(Uk)018586908
037 _a9781292063539
_bIngram Content Group
040 _aN$T
_beng
_erda
_epn
_cN$T
_dYDX
_dGRG
_dUk
041 _aEnglish
042 _aukblsr
050 4 _aHF5686.C8
_bB464 2015eb
100 _aBhimani, Alnoor
_9344
245 1 0 _aManagement and cost accounting
_c/ Alnoor Bhimani, London School of Economics and Political Science, Charles T. Horngren, Stanford University, Srikant M. Datar, Harvard University, Madhav V. Rajan, Stanford University.
264 1 _aHarlow, England ;
_aNew York :
_bPearson,
_c2015.
300 _a1 online resource (xxvii, 857 pages).
490 1 _aAlways learning
500 _aRevised edition of the 5th edition of Management and cost accounting.
500 _aIncludes index.
500 _aAcademic
504 _aIncludes bibliographical references and index.
505 _aGuided to the case studies — Preface — Authors’ acknowledgements — Publisher’s acknowledgements — Part I Management and cost accounting fundamentals — Part II Accounting information for decision making — Part III Planning and budgetary control systems — Part IV Management control systems and performance issues — Part V Quality, time and the strategic management of costs — Appendix A: Solutions to selected exercises — Appendix B: Notes on compound interest and interest tables — Glossary — Names Index — Subject Index.
520 _aThis popular text offers clear and comprehensive coverage of management and cost accounting for students and professionals. Management and Cost Accounting is the European adaptation of Horngren, Datar and Rajan’s leading US text, Cost Accounting: A Managerial Emphasis. The content has been significantly revised to reflect management accounting syllabuses across Europe. Rich in examples and real-life applications, Management and Cost Accounting brings technical and theoretical concepts to life. The international focus of the text is supported by a wealth of case studies featuring companies from around the world, and all coverage is fully updated in line with recent research.
650 0 _aCost accounting
_9375
650 0 _aManagerial accounting
_9142
655 4 _aElectronic books.
830 0 _aAlways learning
856 _uhttps://bibliotheque.tbs-education.fr/Default/doc/SYRACUSE/3393465/management-and-cost-accounting-alnoor-bhimani
942 _2lcc
999 _c4924
_d4924